[Event "Deutsche Ländermeisterschaft 2019"]
[Site "Würzburg GER"]
[Date "2019.10.04"]
[Round "4"]
[White "Roseneck, Jonas"]
[Black "Herbrig, Alexander"]
[Result "1-0"]
[Termination "normal"]
[Board "1.1"]
[WhiteTitle "FM"]
[WhiteElo "2402"]
[BlackElo "2295"]
[WhiteClock "00:26:27"]
[BlackClock "00:31:24"]
[WhiteTeam "Sachsen-Anhalt"]
[BlackTeam "Sachsen"]
[PlyCount "45"]
[WhiteFideId "12939870"]
[BlackFideId "12952044"]
[EventCountry "GER"]
[EventRounds "7"]
[EventType "team-swiss"]
[EventDate "2019.10.01"]

1. e4 {[%clk 1:30:58]} c5 {[%clk 1:30:54]} 2. Nf3 {[%clk 1:31:24]} Nc6 {[%clk
1:31:18]} 3. d4 {[%clk 1:31:51]} cxd4 {[%clk 1:31:43]} 4. Nxd4 {[%clk 1:32:18]}
g6 {[%clk 1:32:06]} 5. c4 {[%clk 1:32:31]} Nf6 {[%clk 1:32:29]} 6. Nc3 {[%clk
1:32:57]} Nxd4 {[%clk 1:32:56]} 7. Qxd4 {[%clk 1:33:20]} d6 {[%clk 1:33:20]} 8.
f3 {[%clk 1:32:46]} Bg7 {[%clk 1:33:40]} 9. Be3 {[%clk 1:33:12]} O-O {[%clk
1:33:56]} 10. Qd2 {[%clk 1:33:37]} Bd7 {[%clk 1:30:01]} 11. Be2 {[%clk
1:30:01]} Bc6 {[%clk 1:30:16]} 12. h4 {[%clk 1:25:06]} Qa5 {[%clk 1:27:00]} 13.
g4 {[%clk 1:12:29]} h5 {[%clk 1:23:08]} 14. gxh5 {[%clk 1:02:52]} Nxh5 {[%clk
1:22:33]} 15. Rg1 {[%clk 1:03:09]} e5 {[%clk 0:58:36]} 16. O-O-O {[%clk
0:51:08]} Rfc8 {[%clk 0:48:33]} 17. Kb1 {[%clk 0:39:00]} a6 {[%clk 0:40:32]}
18. Rg5 {[%clk 0:35:25]} b5 {[%clk 0:37:21]} 19. Rxh5 {[%clk 0:28:52]} gxh5
{[%clk 0:37:06]} 20. Bh6 {[%clk 0:28:55]} Bf6 {[%clk 0:33:54]} 21. Nd5 {[%clk
0:27:23]} Qd8 {[%clk 0:32:44]} 22. Rg1+ {[%clk 0:26:13]} Kh7 {[%clk 0:31:24]}
23. Bf8 {[%clk 0:26:27]} 1-0

[Event "Deutsche Ländermeisterschaft 2019"]
[Site "Würzburg GER"]
[Date "2019.10.04"]
[Round "4"]
[White "Nguyen, Alex Dac-Vuong"]
[Black "Sieber, Fiona"]
[Result "0-1"]
[Termination "normal"]
[Board "1.2"]
[BlackTitle "WIM"]
[WhiteElo "2128"]
[BlackElo "2228"]
[WhiteClock "00:00:39"]
[BlackClock "00:02:33"]
[WhiteTeam "Sachsen"]
[BlackTeam "Sachsen-Anhalt"]
[PlyCount "84"]
[WhiteFideId "12984388"]
[BlackFideId "12902373"]
[EventCountry "GER"]
[EventRounds "7"]
[EventType "team-swiss"]
[EventDate "2019.10.01"]

1. c4 {[%clk 1:30:57]} Nf6 {[%clk 1:29:53]} 2. Nc3 {[%clk 1:31:20]} e5 {[%clk
1:28:07]} 3. Nf3 {[%clk 1:31:22]} Nc6 {[%clk 1:28:19]} 4. e4 {[%clk 1:31:45]}
Bc5 {[%clk 1:11:30]} 5. Nxe5 {[%clk 1:30:27]} Nxe5 {[%clk 1:11:09]} 6. d4
{[%clk 1:30:50]} Bb4 {[%clk 1:10:49]} 7. dxe5 {[%clk 1:31:13]} Nxe4 {[%clk
1:10:56]} 8. Qf3 {[%clk 1:31:35]} f5 {[%clk 1:05:22]} 9. Be2 {[%clk 1:11:05]}
O-O {[%clk 1:04:10]} 10. O-O {[%clk 1:11:21]} Bxc3 {[%clk 1:02:51]} 11. bxc3
{[%clk 1:11:46]} b6 {[%clk 1:01:58]} 12. Ba3 {[%clk 1:09:10]} c5 {[%clk
0:58:12]} 13. Qd3 {[%clk 1:05:18]} Bb7 {[%clk 0:58:11]} 14. Rad1 {[%clk
1:04:35]} Bc6 {[%clk 0:57:00]} 15. Bc1 {[%clk 0:54:45]} Qe7 {[%clk 0:47:01]}
16. f3 {[%clk 0:53:07]} Ng5 {[%clk 0:45:59]} 17. Rfe1 {[%clk 0:39:05]} Rae8
{[%clk 0:37:46]} 18. Qd6 {[%clk 0:28:04]} Qxd6 {[%clk 0:36:32]} 19. Rxd6 {[%clk
0:27:11]} Nf7 {[%clk 0:36:24]} 20. Rxc6 {[%clk 0:27:36]} dxc6 {[%clk 0:36:44]}
21. f4 {[%clk 0:28:00]} g5 {[%clk 0:31:48]} 22. Bh5 {[%clk 0:22:15]} Re7 {[%clk
0:28:47]} 23. g4 {[%clk 0:16:57]} fxg4 {[%clk 0:20:48]} 24. e6 {[%clk 0:16:31]}
Nd8 {[%clk 0:17:24]} 25. f5 {[%clk 0:16:40]} h6 {[%clk 0:09:40]} 26. Bxg4
{[%clk 0:16:47]} Kg7 {[%clk 0:09:43]} 27. h4 {[%clk 0:14:30]} Kf6 {[%clk
0:09:45]} 28. hxg5+ {[%clk 0:13:03]} hxg5 {[%clk 0:10:13]} 29. Be3 {[%clk
0:12:46]} Nb7 {[%clk 0:06:11]} 30. Kg2 {[%clk 0:10:30]} Nd6 {[%clk 0:03:21]}
31. Bg1 {[%clk 0:07:23]} Nxc4 {[%clk 0:02:38]} 32. Bh2 {[%clk 0:05:45]} Rd8
{[%clk 0:02:07]} 33. Re2 {[%clk 0:05:01]} Rd3 {[%clk 0:01:47]} 34. Kf2 {[%clk
0:05:00]} Rh7 {[%clk 0:01:38]} 35. Bg3 {[%clk 0:04:28]} Rxc3 {[%clk 0:01:48]}
36. Bf3 {[%clk 0:04:18]} Rd3 {[%clk 0:01:09]} 37. Bxc6 {[%clk 0:04:19]} Rd2
{[%clk 0:01:05]} 38. Rxd2 {[%clk 0:01:46]} Nxd2 {[%clk 0:01:35]} 39. Bd5 {[%clk
0:01:59]} Kxf5 {[%clk 0:01:37]} 40. Ke3 {[%clk 0:00:50]} Nf1+ {[%clk 0:02:06]}
41. Kd3 {[%clk 0:00:39]} Nxg3 {[%clk 0:02:33]} 42. Kd4 Ke5+ 0-1

[Event "Deutsche Ländermeisterschaft 2019"]
[Site "Würzburg GER"]
[Date "2019.10.04"]
[Round "4"]
[White "Lutz, Ruben"]
[Black "Post, Hugo"]
[Result "1/2-1/2"]
[Termination "normal"]
[Board "1.4"]
[WhiteElo "2112"]
[BlackElo "2204"]
[WhiteClock "00:04:04"]
[BlackClock "00:05:40"]
[WhiteTeam "Sachsen"]
[BlackTeam "Sachsen-Anhalt"]
[PlyCount "90"]
[WhiteFideId "12975974"]
[BlackFideId "12962490"]
[EventCountry "GER"]
[EventRounds "7"]
[EventType "team-swiss"]
[EventDate "2019.10.01"]

1. d4 {[%clk 1:30:58]} Nf6 {[%clk 1:30:50]} 2. Bf4 {[%clk 1:31:19]} e6 {[%clk
1:30:58]} 3. e3 {[%clk 1:31:23]} c5 {[%clk 1:31:12]} 4. c3 {[%clk 1:31:27]} d5
{[%clk 1:31:20]} 5. Nd2 {[%clk 1:30:21]} Bd6 {[%clk 1:31:11]} 6. Bg3 {[%clk
1:30:14]} O-O {[%clk 1:30:07]} 7. Ngf3 {[%clk 1:30:24]} Qc7 {[%clk 1:27:22]} 8.
Bd3 {[%clk 1:23:43]} Nbd7 {[%clk 1:26:11]} 9. O-O {[%clk 1:23:20]} b6 {[%clk
1:24:47]} 10. Bxd6 {[%clk 1:18:44]} Qxd6 {[%clk 1:25:09]} 11. e4 {[%clk
1:18:50]} e5 {[%clk 1:02:57]} 12. dxe5 {[%clk 1:01:58]} Nxe5 {[%clk 1:03:09]}
13. Nxe5 {[%clk 1:02:17]} Qxe5 {[%clk 1:03:35]} 14. f4 {[%clk 1:02:12]} Qe7
{[%clk 1:02:47]} 15. e5 {[%clk 1:01:10]} Ng4 {[%clk 1:01:50]} 16. Qe2 {[%clk
1:01:32]} c4 {[%clk 0:46:48]} 17. Bb1 {[%clk 0:52:29]} f6 {[%clk 0:45:58]} 18.
h3 {[%clk 0:36:20]} Nh6 {[%clk 0:46:03]} 19. Nf3 {[%clk 0:35:54]} Nf7 {[%clk
0:35:20]} 20. Bc2 {[%clk 0:32:40]} Bd7 {[%clk 0:32:51]} 21. Rad1 {[%clk
0:30:39]} Qc5+ {[%clk 0:31:46]} 22. Kh2 {[%clk 0:25:44]} Rae8 {[%clk 0:31:34]}
23. Rfe1 {[%clk 0:24:29]} Bc8 {[%clk 0:25:06]} 24. Qd2 {[%clk 0:23:37]} fxe5
{[%clk 0:24:01]} 25. fxe5 {[%clk 0:23:47]} Qc7 {[%clk 0:24:04]} 26. Qd4 {[%clk
0:20:34]} Be6 {[%clk 0:17:14]} 27. Qh4 {[%clk 0:19:18]} g6 {[%clk 0:15:46]} 28.
Kh1 {[%clk 0:17:15]} Qd8 {[%clk 0:14:01]} 29. Qg3 {[%clk 0:16:01]} Kg7 {[%clk
0:11:17]} 30. Nd4 {[%clk 0:15:25]} Qg5 {[%clk 0:09:44]} 31. Qxg5 {[%clk
0:13:50]} Nxg5 {[%clk 0:10:09]} 32. h4 {[%clk 0:13:24]} Nf7 {[%clk 0:08:17]}
33. Ba4 {[%clk 0:13:27]} Re7 {[%clk 0:08:42]} 34. Nxe6+ {[%clk 0:13:35]} Rxe6
{[%clk 0:09:08]} 35. Rxd5 {[%clk 0:13:59]} Rd8 {[%clk 0:05:37]} 36. Bd7 {[%clk
0:06:42]} Rxe5 {[%clk 0:05:08]} 37. Rdxe5 {[%clk 0:04:42]} Nxe5 {[%clk
0:05:31]} 38. Rxe5 Rxd7 39. Re4 {[%clk 0:03:55]} Rd2 {[%clk 0:03:45]} 40. Rxc4
{[%clk 0:04:15]} Rxb2 {[%clk 0:04:13]} 41. Rc7+ {[%clk 0:04:37]} Kh6 {[%clk
0:04:40]} 42. Rxa7 {[%clk 0:05:00]} Rc2 {[%clk 0:05:07]} 43. Rb7 {[%clk
0:04:40]} Rxc3 {[%clk 0:05:33]} 44. Rxb6 {[%clk 0:05:05]} Ra3 {[%clk 0:06:00]}
45. Rb5 {[%clk 0:04:04]} Rxa2 {[%clk 0:05:40]} 1/2-1/2

[Event "Deutsche Ländermeisterschaft 2019"]
[Site "Würzburg GER"]
[Date "2019.10.04"]
[Round "4"]
[White "Stockmann, Till"]
[Black "Arnhold, Steffi"]
[Result "1/2-1/2"]
[Termination "normal"]
[Board "1.5"]
[WhiteElo "1884"]
[BlackElo "2048"]
[WhiteClock "00:42:18"]
[BlackClock "00:23:05"]
[WhiteTeam "Sachsen-Anhalt"]
[BlackTeam "Sachsen"]
[PlyCount "88"]
[WhiteFideId "12979341"]
[BlackFideId "12931365"]
[EventCountry "GER"]
[EventRounds "7"]
[EventType "team-swiss"]
[EventDate "2019.10.01"]

1. e4 {[%clk 1:30:58]} c5 {[%clk 1:30:52]} 2. Nf3 {[%clk 1:31:19]} Nc6 {[%clk
1:31:11]} 3. d4 {[%clk 1:31:37]} cxd4 {[%clk 1:31:33]} 4. Nxd4 {[%clk 1:32:00]}
g6 {[%clk 1:31:51]} 5. c4 {[%clk 1:31:57]} Nf6 {[%clk 1:32:02]} 6. Nc3 {[%clk
1:31:20]} d6 {[%clk 1:31:41]} 7. Be2 {[%clk 1:29:51]} Nxd4 {[%clk 1:31:41]} 8.
Qxd4 {[%clk 1:30:13]} Bg7 {[%clk 1:31:58]} 9. Be3 {[%clk 1:27:38]} O-O {[%clk
1:32:01]} 10. Qd2 {[%clk 1:27:13]} Be6 {[%clk 1:30:47]} 11. O-O {[%clk
1:25:06]} Qa5 {[%clk 1:27:43]} 12. Rac1 {[%clk 1:21:02]} Rfc8 {[%clk 1:26:39]}
13. b3 {[%clk 1:19:50]} a6 {[%clk 1:19:29]} 14. a3 {[%clk 1:07:51]} Qd8 {[%clk
1:02:01]} 15. f3 {[%clk 1:05:20]} Rab8 {[%clk 0:52:29]} 16. a4 {[%clk 0:59:59]}
Qa5 {[%clk 0:40:44]} 17. Rc2 {[%clk 0:54:42]} Nd7 {[%clk 0:37:01]} 18. Rb1
{[%clk 0:53:31]} b5 {[%clk 0:28:25]} 19. axb5 {[%clk 0:39:29]} Bxc3 {[%clk
0:23:21]} 20. Rxc3 {[%clk 0:39:12]} axb5 {[%clk 0:22:33]} 21. b4 {[%clk
0:37:45]} Qc7 {[%clk 0:18:41]} 22. c5 {[%clk 0:34:44]} dxc5 {[%clk 0:16:43]}
23. bxc5 {[%clk 0:34:58]} b4 {[%clk 0:16:37]} 24. Rcc1 {[%clk 0:34:59]} b3
{[%clk 0:15:54]} 25. Bf4 {[%clk 0:30:21]} Ne5 {[%clk 0:13:53]} 26. Qc3 {[%clk
0:30:08]} f6 {[%clk 0:14:17]} 27. Bg3 {[%clk 0:29:12]} Bf7 {[%clk 0:11:08]} 28.
Bd1 {[%clk 0:27:34]} Rb5 {[%clk 0:10:04]} 29. Bf2 {[%clk 0:23:20]} b2 {[%clk
0:05:23]} 30. Rc2 {[%clk 0:23:24]} Rb3 {[%clk 0:05:38]} 31. Qd2 {[%clk
0:21:06]} Rd8 {[%clk 0:05:23]} 32. Qe2 {[%clk 0:20:41]} Nd3 {[%clk 0:05:02]}
33. Rd2 {[%clk 0:20:36]} Rc3 {[%clk 0:05:10]} 34. Rbxb2 {[%clk 0:18:01]} Nxb2
{[%clk 0:05:26]} 35. Rxb2 {[%clk 0:18:24]} Rc1 {[%clk 0:04:41]} 36. Rd2 {[%clk
0:18:38]} Bb3 {[%clk 0:05:01]} 37. Bd4 {[%clk 0:18:07]} Rxd1+ {[%clk 0:04:55]}
38. Rxd1 {[%clk 0:18:19]} Bxd1 {[%clk 0:05:19]} 39. Qxd1 {[%clk 0:18:24]} Kg7
{[%clk 0:05:10]} 40. Qa4 {[%clk 0:17:19]} Qd7 {[%clk 0:01:17]} 41. Qxd7 {[%clk
0:16:54]} Rxd7 {[%clk 0:01:43]} 42. Be3 {[%clk 0:16:32]} Kf7 {[%clk 0:00:54]}
43. Kf2 {[%clk 0:15:08]} Ke8 {[%clk 0:26:36]} 44. f4 {[%clk 0:42:18]} Kd8
{[%clk 0:23:05]} 1/2-1/2

[Event "Deutsche Ländermeisterschaft 2019"]
[Site "Würzburg GER"]
[Date "2019.10.04"]
[Round "4"]
[White "Peglau, Charis"]
[Black "Dietz, Kristin"]
[Result "1/2-1/2"]
[Termination "normal"]
[Board "1.6"]
[WhiteElo "1827"]
[BlackElo "1948"]
[WhiteClock "00:23:32"]
[BlackClock "00:11:35"]
[WhiteTeam "Sachsen"]
[BlackTeam "Sachsen-Anhalt"]
[PlyCount "59"]
[WhiteFideId "16219996"]
[BlackFideId "12993743"]
[EventCountry "GER"]
[EventRounds "7"]
[EventType "team-swiss"]
[EventDate "2019.10.01"]

1. e4 {[%clk 1:30:58]} c5 {[%clk 1:30:53]} 2. Nf3 {[%clk 1:31:23]} e6 {[%clk
1:31:16]} 3. d4 {[%clk 1:31:43]} cxd4 {[%clk 1:31:40]} 4. Nxd4 {[%clk 1:32:06]}
a6 {[%clk 1:32:05]} 5. c4 {[%clk 1:32:21]} Nf6 {[%clk 1:32:17]} 6. Nc3 {[%clk
1:32:39]} Bb4 {[%clk 1:32:29]} 7. f3 {[%clk 1:32:00]} O-O {[%clk 1:24:36]} 8.
Be3 {[%clk 1:31:55]} Nc6 {[%clk 1:24:33]} 9. Be2 {[%clk 1:32:03]} d5 {[%clk
1:21:51]} 10. exd5 {[%clk 1:30:26]} exd5 {[%clk 1:22:08]} 11. O-O {[%clk
1:30:29]} Qe7 {[%clk 0:45:45]} 12. Bf2 {[%clk 1:26:41]} Rd8 {[%clk 0:45:43]}
13. cxd5 {[%clk 1:25:37]} Bxc3 {[%clk 0:38:00]} 14. bxc3 {[%clk 1:24:47]} Nxd5
{[%clk 0:38:17]} 15. Nxc6 {[%clk 1:24:35]} bxc6 {[%clk 0:38:40]} 16. Qc2 {[%clk
1:23:20]} Qg5 {[%clk 0:35:19]} 17. Rfd1 {[%clk 1:14:54]} Bh3 {[%clk 0:31:17]}
18. Bf1 {[%clk 1:13:58]} Rd6 {[%clk 0:25:27]} 19. c4 {[%clk 1:12:40]} Rg6
{[%clk 0:25:24]} 20. cxd5 {[%clk 1:09:38]} Bxg2 {[%clk 0:25:43]} 21. Bg3 {[%clk
1:09:56]} Bxf3 {[%clk 0:26:02]} 22. d6 {[%clk 1:02:39]} h5 {[%clk 0:20:04]} 23.
Bg2 {[%clk 0:33:23]} Bxg2 {[%clk 0:16:41]} 24. Kxg2 {[%clk 0:31:32]} h4 {[%clk
0:16:48]} 25. Qxc6 {[%clk 0:30:14]} Rf8 {[%clk 0:17:11]} 26. Qf3 {[%clk
0:30:07]} hxg3 {[%clk 0:14:20]} 27. hxg3 {[%clk 0:30:18]} Qe5 {[%clk 0:13:51]}
28. d7 {[%clk 0:29:47]} Rd8 {[%clk 0:11:21]} 29. Rac1 {[%clk 0:28:42]} Qb2+
{[%clk 0:11:35]} 30. Qf2 {[%clk 0:23:32]} 1/2-1/2

[Event "Deutsche Ländermeisterschaft 2019"]
[Site "Würzburg GER"]
[Date "2019.10.04"]
[Round "4"]
[White "Haubold, Sebastian Marcel"]
[Black "Kempe, Caius Emilian"]
[Result "1/2-1/2"]
[Termination "normal"]
[Board "1.7"]
[WhiteElo "1585"]
[BlackElo "1835"]
[WhiteClock "00:03:03"]
[BlackClock "00:20:01"]
[WhiteTeam "Sachsen-Anhalt"]
[BlackTeam "Sachsen"]
[PlyCount "82"]
[WhiteFideId "16259637"]
[BlackFideId "16246861"]
[EventCountry "GER"]
[EventRounds "7"]
[EventType "team-swiss"]
[EventDate "2019.10.01"]

1. e4 {[%clk 1:30:57]} c5 {[%clk 1:30:57]} 2. Nf3 {[%clk 1:30:47]} Nc6 {[%clk
1:31:17]} 3. d4 {[%clk 1:30:32]} cxd4 {[%clk 1:31:41]} 4. Nxd4 {[%clk 1:30:30]}
g6 {[%clk 1:32:01]} 5. Nc3 {[%clk 1:29:17]} Bg7 {[%clk 1:32:22]} 6. Be3 {[%clk
1:28:05]} Nf6 {[%clk 1:32:33]} 7. Bc4 {[%clk 1:26:41]} O-O {[%clk 1:32:55]} 8.
Bb3 {[%clk 1:25:48]} Re8 {[%clk 1:29:52]} 9. f3 {[%clk 1:18:12]} e6 {[%clk
1:29:26]} 10. f4 {[%clk 1:09:10]} d6 {[%clk 1:28:44]} 11. h3 {[%clk 1:02:41]}
Bd7 {[%clk 1:05:53]} 12. Ndb5 {[%clk 0:57:38]} d5 {[%clk 0:48:09]} 13. Nd6
{[%clk 0:55:55]} Re7 {[%clk 0:43:45]} 14. e5 {[%clk 0:51:33]} Ne8 {[%clk
0:43:15]} 15. Nxb7 {[%clk 0:45:34]} Qc7 {[%clk 0:42:35]} 16. Bc5 {[%clk
0:44:26]} Qxb7 {[%clk 0:42:36]} 17. Bxe7 {[%clk 0:43:14]} Nxe7 {[%clk 0:42:47]}
18. O-O {[%clk 0:40:48]} Nf5 {[%clk 0:41:38]} 19. Qd2 {[%clk 0:37:45]} a5
{[%clk 0:41:17]} 20. a4 {[%clk 0:37:23]} Nc7 {[%clk 0:41:12]} 21. g4 {[%clk
0:31:53]} Qa7+ {[%clk 0:39:30]} 22. Kh2 {[%clk 0:30:16]} Nd4 {[%clk 0:39:43]}
23. Ba2 {[%clk 0:25:46]} Rb8 {[%clk 0:35:31]} 24. b3 {[%clk 0:24:20]} Nc6
{[%clk 0:34:22]} 25. Rae1 {[%clk 0:20:29]} Ne7 {[%clk 0:31:15]} 26. h4 {[%clk
0:17:14]} Rb4 {[%clk 0:29:34]} 27. h5 {[%clk 0:12:41]} Qd4 {[%clk 0:28:45]} 28.
Qxd4 {[%clk 0:11:28]} Rxd4 {[%clk 0:29:15]} 29. hxg6 {[%clk 0:10:57]} Nxg6
{[%clk 0:28:24]} 30. Kg3 {[%clk 0:10:02]} Na6 {[%clk 0:22:20]} 31. Rf3 {[%clk
0:07:51]} Nb4 {[%clk 0:22:00]} 32. Bb1 {[%clk 0:08:11]} Rd2 {[%clk 0:20:39]}
33. Re2 {[%clk 0:07:59]} Rxe2 {[%clk 0:20:52]} 34. Nxe2 {[%clk 0:08:27]} Ne7
{[%clk 0:20:51]} 35. c3 {[%clk 0:07:03]} Nbc6 {[%clk 0:20:32]} 36. Bd3 {[%clk
0:06:36]} Bc8 {[%clk 0:19:18]} 37. Rf2 {[%clk 0:05:41]} f6 {[%clk 0:19:34]} 38.
exf6 {[%clk 0:05:54]} Bxf6 {[%clk 0:20:03]} 39. Rh2 {[%clk 0:06:08]} Ng6 {[%clk
0:20:07]} 40. Bb5 {[%clk 0:04:29]} Na7 {[%clk 0:20:11]} 41. Bd3 {[%clk
0:03:03]} Nc6 {[%clk 0:20:01]} 1/2-1/2

[Event "Deutsche Ländermeisterschaft 2019"]
[Site "Würzburg GER"]
[Date "2019.10.04"]
[Round "4"]
[White "Pohle, Saskia"]
[Black "Voigt, Anastasia"]
[Result "0-1"]
[Termination "normal"]
[Board "1.8"]
[WhiteElo "1716"]
[BlackElo "1457"]
[WhiteClock "00:32:29"]
[BlackClock "00:57:07"]
[WhiteTeam "Sachsen"]
[BlackTeam "Sachsen-Anhalt"]
[PlyCount "38"]
[WhiteFideId "16201604"]
[BlackFideId "16235223"]
[EventCountry "GER"]
[EventRounds "7"]
[EventType "team-swiss"]
[EventDate "2019.10.01"]

1. e4 {[%clk 1:30:58]} e5 {[%clk 1:30:56]} 2. Nf3 {[%clk 1:31:23]} Nc6 {[%clk
1:31:14]} 3. d4 {[%clk 1:31:47]} exd4 {[%clk 1:31:40]} 4. Bc4 {[%clk 1:32:13]}
Bc5 {[%clk 1:32:02]} 5. c3 {[%clk 1:32:22]} Nf6 {[%clk 1:32:20]} 6. e5 {[%clk
1:31:56]} d5 {[%clk 1:32:35]} 7. exf6 {[%clk 1:29:00]} dxc4 {[%clk 1:32:51]} 8.
fxg7 {[%clk 1:28:14]} Rg8 {[%clk 1:32:21]} 9. Bh6 {[%clk 1:24:58]} Qd6 {[%clk
1:29:17]} 10. Qd2 {[%clk 1:18:14]} Be6 {[%clk 1:26:30]} 11. O-O {[%clk
1:15:45]} O-O-O {[%clk 1:26:11]} 12. Na3 {[%clk 0:55:24]} Bxa3 {[%clk 1:14:03]}
13. bxa3 {[%clk 0:55:51]} d3 {[%clk 1:13:23]} 14. Rab1 {[%clk 0:49:35]} Bf5
{[%clk 1:10:33]} 15. Rb5 {[%clk 0:45:59]} Bg6 {[%clk 1:02:56]} 16. Rfb1 {[%clk
0:40:31]} b6 {[%clk 1:02:07]} 17. a4 {[%clk 0:34:56]} a5 {[%clk 1:00:21]} 18.
Bf4 {[%clk 0:35:02]} Qe7 {[%clk 0:58:32]} 19. Bh6 {[%clk 0:32:29]} Qe2 {[%clk
0:57:07]} 0-1

[Event "Deutsche Ländermeisterschaft 2019"]
[Site "Würzburg GER"]
[Date "2019.10.04"]
[Round "4"]
[White "Svane, Frederik"]
[Black "Nothnagel, Marian Can"]
[Result "1/2-1/2"]
[Termination "normal"]
[Board "2.1"]
[BlackTitle "FM"]
[WhiteElo "2360"]
[BlackElo "2376"]
[WhiteClock "00:01:21"]
[BlackClock "00:03:23"]
[WhiteTeam "Schleswig-Holstein"]
[BlackTeam "Hessen"]
[PlyCount "74"]
[WhiteFideId "12923044"]
[BlackFideId "12921530"]
[EventCountry "GER"]
[EventRounds "7"]
[EventType "team-swiss"]
[EventDate "2019.10.01"]

1. e4 {[%clk 1:30:55]} e5 {[%clk 1:30:56]} 2. Nf3 {[%clk 1:31:20]} d6 {[%clk
1:31:23]} 3. d4 {[%clk 1:31:43]} exd4 {[%clk 1:31:50]} 4. Nxd4 {[%clk 1:32:05]}
Nf6 {[%clk 1:32:18]} 5. Nc3 {[%clk 1:32:27]} Be7 {[%clk 1:32:46]} 6. g3 {[%clk
1:32:44]} Nc6 {[%clk 1:33:12]} 7. Nde2 {[%clk 1:32:53]} Ne5 {[%clk 1:33:17]} 8.
Bg2 {[%clk 1:26:12]} O-O {[%clk 1:33:33]} 9. O-O {[%clk 1:26:13]} c6 {[%clk
1:33:59]} 10. f4 {[%clk 1:20:38]} Ng6 {[%clk 1:34:17]} 11. a4 {[%clk 1:15:46]}
Re8 {[%clk 1:27:41]} 12. h3 {[%clk 1:13:31]} d5 {[%clk 1:28:04]} 13. e5 {[%clk
1:06:39]} Nd7 {[%clk 1:27:35]} 14. Kh2 {[%clk 0:52:15]} Bb4 {[%clk 1:18:15]}
15. Be3 {[%clk 0:46:17]} Ngf8 {[%clk 0:57:52]} 16. Bd4 {[%clk 0:39:30]} f6
{[%clk 0:54:20]} 17. exf6 {[%clk 0:39:07]} Nxf6 {[%clk 0:54:45]} 18. f5 {[%clk
0:34:19]} Bd6 {[%clk 0:51:06]} 19. Kh1 {[%clk 0:29:09]} N8d7 {[%clk 0:33:29]}
20. Nf4 {[%clk 0:28:38]} Ne5 {[%clk 0:33:44]} 21. g4 {[%clk 0:28:14]} h6 {[%clk
0:22:26]} 22. Qd2 {[%clk 0:18:15]} Bd7 {[%clk 0:19:13]} 23. Rae1 {[%clk
0:16:54]} Nfxg4 {[%clk 0:16:00]} 24. hxg4 {[%clk 0:16:49]} Qh4+ {[%clk
0:16:27]} 25. Nh3 {[%clk 0:09:38]} Nxg4 {[%clk 0:16:46]} 26. Rxe8+ {[%clk
0:09:55]} Rxe8 {[%clk 0:17:10]} 27. Bg1 {[%clk 0:10:04]} Qg3 {[%clk 0:10:50]}
28. Ne2 {[%clk 0:07:19]} Qe5 {[%clk 0:09:38]} 29. Nd4 {[%clk 0:07:48]} c5
{[%clk 0:07:56]} 30. Nf3 {[%clk 0:08:13]} Qg3 {[%clk 0:08:23]} 31. Re1 {[%clk
0:05:31]} Rf8 {[%clk 0:05:37]} 32. Qxd5+ {[%clk 0:02:15]} Kh8 {[%clk 0:05:34]}
33. Rd1 {[%clk 0:01:24]} Bc6 {[%clk 0:05:50]} 34. Qxd6 {[%clk 0:01:26]} Qxf3
{[%clk 0:06:16]} 35. Qxc6 {[%clk 0:01:07]} Nf2+ {[%clk 0:06:12]} 36. Kh2 {[%clk
0:00:55]} Ng4+ {[%clk 0:05:08]} 37. Kh1 {[%clk 0:01:21]} Nf2+ {[%clk 0:03:23]}
1/2-1/2

[Event "Deutsche Ländermeisterschaft 2019"]
[Site "Würzburg GER"]
[Date "2019.10.04"]
[Round "4"]
[White "Krastev, Alexander"]
[Black "Arndt, Magnus"]
[Result "1/2-1/2"]
[Termination "normal"]
[Board "2.2"]
[WhiteTitle "FM"]
[WhiteElo "2343"]
[BlackElo "2312"]
[WhiteClock "00:26:09"]
[BlackClock "00:22:11"]
[WhiteTeam "Hessen"]
[BlackTeam "Schleswig-Holstein"]
[PlyCount "91"]
[WhiteFideId "12989983"]
[BlackFideId "12998656"]
[EventCountry "GER"]
[EventRounds "7"]
[EventType "team-swiss"]
[EventDate "2019.10.01"]

1. e4 {[%clk 1:30:58]} e5 {[%clk 1:30:54]} 2. Nf3 {[%clk 1:31:25]} Nc6 {[%clk
1:31:18]} 3. Bc4 {[%clk 1:31:52]} Nf6 {[%clk 1:31:42]} 4. d3 {[%clk 1:32:19]}
Be7 {[%clk 1:32:06]} 5. O-O {[%clk 1:32:42]} O-O {[%clk 1:32:29]} 6. Re1 {[%clk
1:33:10]} d6 {[%clk 1:32:53]} 7. a4 {[%clk 1:33:34]} Na5 {[%clk 1:33:09]} 8.
Ba2 {[%clk 1:33:59]} c5 {[%clk 1:33:35]} 9. c3 {[%clk 1:34:15]} Nc6 {[%clk
1:34:00]} 10. Na3 {[%clk 1:34:14]} a6 {[%clk 1:34:18]} 11. Bd2 {[%clk 1:29:21]}
Rb8 {[%clk 1:34:02]} 12. Nc4 {[%clk 1:21:02]} h6 {[%clk 1:25:41]} 13. a5 {[%clk
1:12:54]} Be6 {[%clk 1:01:52]} 14. b4 {[%clk 0:57:55]} cxb4 {[%clk 0:56:35]}
15. cxb4 {[%clk 0:57:20]} Re8 {[%clk 0:45:34]} 16. Qa4 {[%clk 0:52:57]} Bg4
{[%clk 0:35:25]} 17. Nh4 {[%clk 0:37:02]} Nd4 {[%clk 0:30:52]} 18. Be3 {[%clk
0:16:58]} Ne2+ {[%clk 0:29:46]} 19. Rxe2 {[%clk 0:16:07]} Bxe2 {[%clk 0:30:08]}
20. Nf5 {[%clk 0:14:21]} Bh5 {[%clk 0:07:07]} 21. Bb6 {[%clk 0:13:04]} Qd7
{[%clk 0:07:18]} 22. Qxd7 {[%clk 0:13:14]} Nxd7 {[%clk 0:07:47]} 23. Ncxd6
{[%clk 0:13:28]} Nxb6 {[%clk 0:05:43]} 24. Nxe8 {[%clk 0:13:25]} Rxe8 {[%clk
0:06:11]} 25. Nxe7+ {[%clk 0:13:13]} Rxe7 {[%clk 0:06:40]} 26. axb6 {[%clk
0:13:37]} Rd7 {[%clk 0:05:24]} 27. Bd5 {[%clk 0:11:12]} Rd6 {[%clk 0:05:36]}
28. Bxb7 {[%clk 0:11:14]} Rxb6 {[%clk 0:06:01]} 29. Bxa6 {[%clk 0:11:40]} Rxb4
{[%clk 0:06:27]} 30. Bc4 {[%clk 0:09:31]} Rb8 {[%clk 0:06:07]} 31. f3 {[%clk
0:09:07]} Kf8 {[%clk 0:05:28]} 32. g4 {[%clk 0:07:43]} Bg6 {[%clk 0:05:47]} 33.
Kf2 {[%clk 0:07:55]} f6 {[%clk 0:04:39]} 34. Ra7 {[%clk 0:08:16]} Re8 {[%clk
0:02:57]} 35. h4 {[%clk 0:08:10]} Re7 {[%clk 0:02:59]} 36. Ra6 {[%clk 0:07:34]}
Bf7 {[%clk 0:02:54]} 37. Bxf7 {[%clk 0:01:07]} Kxf7 {[%clk 0:03:18]} 38. h5
{[%clk 0:01:30]} Rb7 {[%clk 0:02:49]} 39. Ra1 {[%clk 0:00:37]} Rc7 {[%clk
0:01:43]} 40. Ke3 {[%clk 0:00:42]} Rd7 {[%clk 0:01:30]} 41. Ra5 {[%clk
0:28:54]} Rb7 {[%clk 0:28:18]} 42. Ra4 {[%clk 0:26:28]} Ke7 {[%clk 0:22:32]}
43. d4 {[%clk 0:24:58]} Rb3+ {[%clk 0:22:09]} 44. Kf2 {[%clk 0:25:20]} exd4
{[%clk 0:22:35]} 45. Rxd4 {[%clk 0:25:47]} Ra3 {[%clk 0:22:11]} 46. Rb4 {[%clk
0:26:09]} *